00478nam a2200169Ia 4500003000500000005001700005008004100022020001700063050002100080245004900101260003700150300002700187440000600214650004000220650002300260650002500283SISC20160715153642.0140130s9999 xx 000 0 und d a978545289597 aPZ 7 .Od237 2010 cO'Dell, ScottaIsland of the blue dolphins / bScholastic,aNew York : c2010.  axi, 177 p. : c20 cm.  v1 aIndians of North America--Fiction.  aIslands--Fiction.  aSurvival--Fiction.